"Не горюй"- девиз грузинской кинокомедии (Запис № 458928)

МАРК-запис
000 -Лідер
fixed length control field 00587nam a22002177a 4500
001 - Контрольний номер
control field 216216928
003 - Ідентифікатор контрольного номера
control field UA-OsUOA
005 - Дата та час останнього входження (трансакції)
control field 20200421110058.0
008 - Елементи даних фіксованої довжини – загальна інформація
fixed length control field 200421b un ||||| |||| 00| 0 ukr d
040 ## - Джерело каталогізації
Агенція оригінальної каталогізації UA-OsUOA
Мова каталогізації ukr
Агенція, яка здійснювала перезапис UA-OsUOA
Агенція, яка здійснювала модифікацію UA-OsUOA
041 ## - Код мови
Код мови тексту/ звукової доріжки чи окремого заголовка (П) ukr
080 ## - Індекс Універсальної десяткової класифікації
Індекс Універсальної десяткової класифікації (УДК) (НП) 778
090 ## - Локальний шифр розміщення
Класифікаційний індекс УДК 778
Авторський знак (НП) Л78
100 ## - Основне введення – ім’я особи
Ім’я особи (НП) Лордкипанидзе Н
245 ## - Відомості про назву
Назва (НП) "Не горюй"- девиз грузинской кинокомедии
Дані про відповідальність (НП) Н. Лордкипанидзе
260 ## - Публікація, розповсюдження і т.п. (Вихідні дані)
Місце публікації, розповсюдження і т.п. (П) Москва
Дата публікації, розповсюдження і т.п. (П) 1987
300 ## - Фізичний опис
Обсяг 110 с.
650 ## - Додаткове предметне введення – тематичний термін
Джерело заголовка чи терміна 778
942 ## - Додаткові елементи входу (Коха)
Source of classification or shelving scheme Universal Decimal Classification
Тип елемента Koha Книги
955 ## - Код типу видання за змістом
Код типу видання за змістом (НП) інше
Фонди
Стан вилучень Стан втрат Джерело класифікації або схеми стелажів Стан уражень Не для кредиту Постійне місце розташування Поточне розміщення Дата придбання Інвентарний номер Усього замовленно Повний номер виклику Штрих-код Дата останнього перегляду Ціна ефективна від Тип елемента Koha
    Universal Decimal Classification     АБ - Абонемент НБ АБ - Абонемент НБ 21/04/2010 24374   778 Л78 24374 29/06/2022 21/04/2020 Книги